Normal view
MARC view
- Heyde, Kris L. G.
Entry Personal Name
001 - CONTROL NUMBER
- control field: 115933
003 - CONTROL NUMBER IDENTIFIER
- control field: NUST
005 - DATE AND TIME OF LATEST TRANSACTION
- control field: 20230912165656.0
008 - FIXED-LENGTH DATA ELEMENTS
- fixed length control field: 230912|| aca||aabn | a|a d
040 ## - CATALOGING SOURCE
- Original cataloging agency: NUST
- Transcribing agency: NUST
100 ## - HEADING--PERSONAL NAME
- Personal name: Heyde, Kris L. G.
670 ## - SOURCE DATA FOUND
- Source citation: Work cat.: (NUST): Heyde, Kris L. G.,, Basic ideas and concepts in nuclear physics :, 2004
